Historias de Aristófanes: texto adaptado
Gespeichert in:
| Format: | Buch |
|---|---|
| Sprache: | Spanisch |
| Veröffentlicht: |
Santiago
Andrés Bello
1979
|
| Ausgabe: | 1a. ed |
| Schlagworte: | |
| Tags: |
Tag hinzufügen
Keine Tags, Fügen Sie den ersten Tag hinzu!
|
MARC
| LEADER | 00000cam a2200000 a 4500 | ||
|---|---|---|---|
| 001 | UCD2004 | ||
| 003 | CL-VaPUC | ||
| 008 | 160407e19791100cl |||||||||||||||||spa|d | ||
| 082 | 0 | 4 | |a 889 |b HIS |2 21 |
| 245 | 1 | 0 | |a Historias de Aristófanes: texto adaptado |
| 250 | |a 1a. ed | ||
| 300 | |a 96 p | ||
| 942 | |c BK | ||
| 945 | |d 20160407 22:06:00 |a arojas | ||
| 260 | |a Santiago |b Andrés Bello |c 1979 | ||
| 600 | 0 | |a Aristófanes |e autor |9 341314 | |
| 650 | 0 | |a Historia antigua |9 267521 | |
| 650 | 7 | |a TEATRO GRIEGO |2 CL-VaPUC |9 585229 | |
| 650 | 7 | |a LITERATURA GRIEGA |2 CL-VaPUC |9 258054 | |
| 583 | |a last modification |c 20160407 22:06:00 |k Rodrigo Vera | ||
| 999 | |c 363211 |d 363209 | ||
| 952 | |0 0 |1 0 |3 erb |4 0 |6 889_000000000000000_HIS_1979 |7 0 |8 C |9 475087 |a BIBCUR |b BIBCUR |i 5269369 |o 889 HIS 1979 |p 5269369 |r 2025-04-22 |w 2019-11-24 |y BK |z Catalogado en:20160407 |k CAC | ||